00902nab a22002057a 4500003000400000005001700004008004100021040000700062100002600069245016300095260007300258300001500331500003600346505008100382650001800463650003300481650002400514650000900538773014900547OSt20260219090208.0190429b xxu||||| |||| 00| 0 spa d cPJ aCodon, Valeria Daiana13aLa extinción de la acción penal por reparación integral (art. 59 inc. 6 del Código Penal de la Nación) en el delito de robo /cValeria Daiana Codon. cCiudad Autónoma de Buenos Aires :aThomson Reuters La Ley, b2024. ap. 128-138 aCita: TR LALEY AR/DOC/1406/2024 tSi te interesa el texto completo, solicitalo a koha@justierradelfuego.gov.ar 0aDERECHO PENAL 0aEXTINCION DE LA ACCION PENAL 0aREPARACION INTEGRAL 0aROBO0 02658tRevista de derecho penal y criminología. Nº 7 - Julio 2024dCiudad Autónoma de Buenos Aires : Thomson Reuters La Ley, 2017-x00347914